000 00552nam a2200193Ia 4500
005 20250508155859.0
008 008 250505s9999 xx 000 0 eng d
037 _aBooks to be hide in OPAC
040 _aFEDL
_beng
_cFEDL
041 _aeng
_2eng
084 _a507, NCE/O
_qFEDL
245 0 _aOrganising science fairs
245 0 _cN C E R T
260 _aNew Delhi, India
_bNational Council of Educational Research and Training
300 _a23p.
546 _aWeeded out
942 _cHB
_h507, NCE/O
999 _c1359813
_d1359813